A short history of Christianity, (Record no. 8015)

MARC details
000 -LEADER
fixed length control field 01071cam a22003131 4500
001 - CONTROL NUMBER
control field 6385872
003 - CONTROL NUMBER IDENTIFIER
control field GBCCL
005 - DATE AND TIME OF LATEST TRANSACTION
control field 20241126110641.0
008 - FIXED-LENGTH DATA ELEMENTS--GENERAL INFORMATION
fixed length control field 720825s1922 enk b 000 0 eng
010 ## -
-- 23007245
020 ## - INTERNATIONAL STANDARD BOOK NUMBER
International Standard Book Number 9781330540008
035 ## - SYSTEM CONTROL NUMBER
System control number (OCoLC)391926
040 ## - CATALOGING SOURCE
Original cataloging agency DLC
Transcribing agency ODaWU
Modifying agency OCoLC
-- DLC
041 1# -
-- eng
-- fre
042 ## -
-- premarc
050 00 -
-- BR145
-- .R4
082 ## - DEWEY DECIMAL CLASSIFICATION NUMBER
Classification number 270
Item number REI
100 1# - MAIN ENTRY--PERSONAL NAME
Personal name Reinach, Salomon,
Dates associated with a name 1858-1932.
9 (RLIN) 14012
245 12 - TITLE STATEMENT
Title A short history of Christianity,
Remainder of title from the French of Salomon Reinach ...
Statement of responsibility, etc. by Florence Simmonds ...
260 ## - PUBLICATION, DISTRIBUTION, ETC.
Place of publication, distribution, etc. London,
Name of publisher, distributor, etc. W. Heinemann,
Date of publication, distribution, etc. 2018, 1922.
300 ## - PHYSICAL DESCRIPTION
Extent vii, 227, [1] p.
Dimensions 23 cm.
500 ## - GENERAL NOTE
General note Title vignette.
500 ## - GENERAL NOTE
General note "This study is founded on the five concluding chapters of 'Orpheus, histoire générale des religions', first published in 1909."--p. v.
504 ## - BIBLIOGRAPHY, ETC. NOTE
Bibliography, etc. note Bibliography at end of each chapter.
650 #0 - SUBJECT ADDED ENTRY--TOPICAL TERM
Topical term or geographic name entry element Church history.
9 (RLIN) 117
700 1# - ADDED ENTRY--PERSONAL NAME
Personal name Simmonds, Florence,
Relator term tr.
9 (RLIN) 14013
906 ## - LOCAL DATA ELEMENT F, LDF (RLIN)
a 7
b cbc
c oclcrpl
d u
e ncip
f 19
g y-gencatlg
942 ## - ADDED ENTRY ELEMENTS (KOHA)
Source of classification or shelving scheme Dewey Decimal Classification
Koha item type Books
Koha issues (borrowed), all copies 10
Holdings
Withdrawn status Lost status Source of classification or shelving scheme Damaged status Not for loan Home library Current Library Shelving location Date acquired Source of acquisition Cost, normal purchase price Total checkouts Full call number Barcode Date last seen Date last checked out Copy number Cost, replacement price Price effective from Koha item type
    Dewey Decimal Classification     GRACE BIBLE COLLEGE GRACE BIBLE COLLEGE Church History 2019-05-14 13 1029.00 10 270 REI 014917 2025-05-01 2024-09-04 c.1 1029.00 2019-05-14 Books
© Grace Bible College Library 2025